[Event "GRE-ch U12 Girls"]
[Site "Rio Achaia"]
[Date "2015.06.26"]
[Round "1.6"]
[White "Koukouraki, Hrisi"]
[Black "Nikolaki, Dimitria"]
[Result "1-0"]
[WhiteElo "1049"]
[BlackElo "1202"]
[PlyCount "99"]
[EventDate "2015.06.26"]
[EventType "swiss"]
[EventRounds "9"]
[EventCountry "GRE"]
[SourceTitle "EXT 2024"]
[Source "ChessBase"]
[SourceDate "2023.10.10"]
[SourceVersion "1"]
[SourceVersionDate "2023.10.10"]
[SourceQuality "1"]

1. e4 c5 2. Nf3 e6 3. d4 cxd4 4. Nxd4 Nf6 5. Nc3 Nc6 6. Nxc6 bxc6 7. Bd3 Bb4 8. Bd2 e5 9. 0-0 d5 10. exd5 cxd5 11. Bb5+ Bd7 12. Bxd7+ Qxd7 13. Re1 Qf5 14. a3 Bc5 15. Be3 Bxe3 16. Rxe3 Rd8 17. Qf3 Qe6 18. Ree1 0-0 19. Qe2 Rfe8 20. Rad1 e4 21. Nb5 Qb6 22. b4 d4 23. Qc4 Rc8 24. Qe2 Rcd8 25. Qc4 Rc8 26. Qe2 Red8 27. a4 a6 28. Nxd4 Rxd4 29. Rxd4 Qxd4 30. Qxa6 Rd8 31. b5 Qd1 32. Rf1 Qxc2 33. b6 Qc6 34. Qa7 Ra8 35. b7 Rxa7 36. b8Q+ Qe8 37. Qxa7 h6 38. a5 Nd7 39. a6 Qc8 40. Qb7 Qd8 41. a7 Nb6 42. Qb8 Qxb8 43. axb8Q+ Kh7 44. Qxb6 e3 45. fxe3 f6 46. Rf5 Kg8 47. Qc7 Kf8 48. Ra5 Kg8 49. Ra7 Kf8 50. Qf7# 1-0